000 00699nam a22002297a 4500
003 UA-OsUOA
001 119215
007 ta
008 20161011b un ||||| |||| 00| 0 ukr d
090 _a94(477.83-25)
_bЛ89
942 _cBK
040 _aUA-OsUOA
_bukr
_cUA-OsUOA
_dUA-OsUOA
245 _aЛьвів епохи Пінзеля 1720 - 1760
_bнезалежний культурологічний часопис
_cгол. ред. Т. Возняк
300 _a200 с.
955 _a1
041 _aukr
080 _a94(477.83-25)
260 _aЛьвів
_bЇ
_c2013
250 _nЧисло 72
650 7 _a9 Географія. Біографії. Історія
_2UDC
999 _c405117
_d405117